Mourelle de la Rua, explorador del Pacífico / (Record no. 88444)

MARC details
000 -LEADER
campo de control de longitud fija 00689nam a2200205 i 4500
001 - NÚMERO DE CONTROL
campo de control 88444
003 - IDENTIFICADOR DE NÚMERO DE CONTROL
campo de control ES-MaACL
005 - FECHA Y HORA DE LA ÚLTIMA TRANSACCIÓN
campo de control 20251009200240.0
007 - CAMPO FIJO DE DESCRIPCIÓN FÍSICA--INFORMACIÓN GENERAL
campo de control de longitud fija t|
008 - DATOS DE LONGITUD FIJA--INFORMACIÓN GENERAL
campo de control de longitud fija 050104s1971 sp ||||1| spa d
080 ## - NÚMERO DE LA CLASIFICACIÓN DECIMAL UNIVERSAL
Número de la Clasificación Decimal Universal 929 Mourelle de la Rúa, Francisco Antonio
100 1# - ENTRADA PRINCIPAL--NOMBRE DE PERSONA
Nombre de persona Landín Carrasco, Amancio.
9 (RLIN) 69955
245 10 - MENCIÓN DEL TÍTULO
Título Mourelle de la Rua, explorador del Pacífico /
Mención de responsabilidad, etc. Amancio Landín Carrasco.
260 ## - PUBLICACIÓN, DISTRIBUCIÓN, ETC.
Lugar de publicación, distribución, etc. Madrid :
Nombre del editor, distribuidor, etc. Cultura Hispánica,
Fecha de publicación, distribución, etc. 1971.
300 ## - DESCRIPCIÓN FÍSICA
Extensión 368 p., 2 lám. :
Otras características físicas mapas pleg. ;
Dimensiones 24 cm.
504 ## - NOTA DE BIBLIOGRAFÍA, ETC.
Nota de bibliografía, etc. Bibliografía: p. 345-[351]
600 14 - PUNTO DE ACCESO ADICIONAL DE MATERIA--NOMBRE DE PERSONA
Nombre de persona Mourelle de la Rua, Francisco Antonio,
Fechas asociadas al nombre 1755-1820
9 (RLIN) 172668
852 4# - LOCALIZACIÓN
Ubicación ES-MaACL
Número de control de estantería C-44154
Holdings
Estatus retirado Estado de pérdida Estado de daño No para préstamo Biblioteca de origen Biblioteca actual Ubicación en estantería Fecha de adquisición Fuente de adquisición Total de préstamos Signatura topográfica completa Código de barras Visto por última vez Precio de reemplazo Tipo de ítem Koha
        Biblioteca del Ateneo de Madrid Biblioteca del Ateneo de Madrid Depósito 2 17/01/2008     C-44154 1092388 23/02/2023 23/02/2023 Libro impreso